Statistics for Richest Asian/Oceanian countries

Click here to take the quiz!

General Stats

  • This quiz has been taken 8 times
  • The average score is 8 of 10

Answer Stats

HintAnswer% Correct
$42,067Japan
100%
$94,105Singapore
100%
$47,708Bahrain
88%
$79,003Brunei
88%
$128,647Qatar
88%
$53,879Saudi Arabia
88%
$49,378Australia
75%
$72,096Kuwait
75%
$74,035United Arab Emirates
75%
$41,331Oman
50%

Score Distribution

Percentile by Number Answered

Percent of People with Each Score

Your Score History

You have not taken this quiz